| 000 | 00448nam a2200169Ia 4500 | ||
|---|---|---|---|
| 005 | 20250627013836.0 | ||
| 008 | 240331s9999 xx 000 0 und d | ||
| 020 | _a9556520312 | ||
| 082 |
_bFER _a364 |
||
| 100 | _aFernando,N | ||
| 245 | 0 | _aDivinasaganeeme saha upadeshana prathikara | |
| 260 |
_aMulleriyawa _bWijesuriya Book Centre _c2003 |
||
| 300 | _a155 p ., | ||
| 650 | _aSuicidal behaviour | ||
| 650 | _aCounselling treatment | ||
| 942 | _cL | ||
| 999 |
_c3261 _d3261 |
||